Achieving your assessor and quality assurance units (TAQA)

Guardat en:
Dades bibliogràfiques
Autor principal: GRAVELLS, Ann
Format: Llibre
Idioma:anglès
Publicat: Sage Publications, 2014
Etiquetes: Afegir etiqueta
Sense etiquetes, Sigues el primer a etiquetar aquest registre!

MARC

LEADER 00000nam a22000007a 4500
008 210408b ||||| |||| 00| 0 eng d
020 |a 978-1-4462-7445-3 
100 |a GRAVELLS, Ann.  
245 |a Achieving your assessor and quality assurance units (TAQA)  |c Ann Gravells  |e (Further education and skills)  |g xiii: 274p. 
250 |b 2nd ed.  
260 |b Sage Publications,  |c  2014  |h Los Angeles:   |i 692425   |i 692426   |l LC5225 .A75G78  |m Employee training personnel – Certification – Examinations – Study guides. 
500 |a “It includes references and index”. 
942 |a lcc  |c BK  |e Adeniran F. A  |f 08/04/2021 
952 |0 0  |1 0  |2 lcc  |4 0  |6 LC5225 A75 G78  |7 0  |9 3900  |a HOL  |b HOL  |c LP  |d 2021-11-23  |l 0  |o LC5225.A75G78  |p 2021-67625  |r 2021-11-23 00:00:00  |t 692425  |w 2021-11-23  |y BK 
952 |0 0  |1 0  |2 lcc  |4 0  |6 LC5225 A75 G78  |7 0  |9 3901  |a HOL  |b HOL  |c LP  |d 2021-11-23  |l 0  |o LC5225.A75G78  |p 2021-67626  |r 2021-11-23 00:00:00  |t 692426  |w 2021-11-23  |y BK 
999 |c 1068  |d 1068